[Event "Uzhgorod"]
[Site "Uzhgorod"]
[Date "1987.??.??"]
[Round "?"]
[White "Dreev, Alexey"]
[Black "Gelfand, Boris"]
[Result "1-0"]
[WhiteElo "2465"]
[BlackElo "2470"]

1.d4 Nf6 2.c4 e6 3.Nf3 d5 4.Nc3 Be7 5.Bf4 O-O 6.e3 c5 7.dxc5 Bxc5 8.Qc2 Nc6
9.Rd1 Qa5 10.a3 Be7 11.Nd2 e5 12.Bg5 d4 13.Nb3 Qd8 14.exd4 exd4 15.Be2 Ng4
16.Bxe7 Qxe7 17.Nd5 Qh4 18.g3 Qh3 19.Nf4 Qh6 20.Nxd4 Nxd4 21.Rxd4 Re8 22.h4 Qb6
23.c5 Qa5+ 24.Rd2 Bf5 25.Qxf5 Nxf2 26.b4 Qxa3 27.Kxf2 Qe3+ 28.Ke1 Qxg3+ 29.Kf1 g6
30.Rh3  1-0

[Event "Wch Girls U20"]
[Site "Adelaide"]
[Date "1988.??.??"]
[Round "?"]
[White "Arakhamia, Ketevan"]
[Black "Galliamova, Alisa"]
[Result "1/2-1/2"]
[WhiteElo "2420"]
[BlackElo "2250"]

1.d4 d5 2.c4 e6 3.Nc3 Be7 4.Nf3 Nf6 5.Bf4 O-O 6.e3 c5 7.dxc5 Bxc5 8.Qc2 Nc6
9.Rd1 Qa5 10.a3 Ne4 11.Nd2 Nxd2 12.Qxd2 dxc4 13.Bxc4 Rd8 14.Qc2 Rxd1+ 15.Qxd1 Be7
16.Ke2 Qh5+ 17.f3 Ne5 18.Ba2 b6 19.Qa4 Bb7 20.Bxe5 Qxe5 21.Bb1 f5 22.f4 Qf6
23.Qd7 Ba6+ 24.Ke1 Bxa3 25.bxa3 Qxc3+ 26.Kf2 Qb2+ 27.Kg3 Qb3 28.Re1 Bc4 29.h4 Qxa3
30.Bxf5 exf5 31.Qc6 Qf8 32.Qxc4+ Qf7 33.Qa6 Rd8 34.Ra1 Ra8 35.Kh3 Qe7 36.Qc4+ Kh8
37.Qd4 Re8 38.g3 h6 39.Qa4 a5 40.Qb5 Qxe3  1/2-1/2

[Event "GMA-Open"]
[Site "Belgrade"]
[Date "1988.??.??"]
[Round "?"]
[White "Skembris, Spyridon"]
[Black "Janosevic, Dragoljub"]
[Result "1-0"]
[WhiteElo "2425"]
[BlackElo "2330"]

1.d4 d5 2.c4 e6 3.Nc3 Nf6 4.Nf3 Be7 5.Bf4 O-O 6.e3 c5 7.dxc5 Bxc5 8.cxd5 Nxd5
9.Nxd5 exd5 10.a3 Nc6 11.Bd3 Bd6 12.Bxd6 Qxd6 13.O-O h6 14.Qa4 Bd7 15.Rad1 Ne5
16.Qf4 Nxf3+ 17.Qxf3 Bc6 18.Bb1 Rfd8 19.Rd4 Qe5 20.Rfd1 Rd7 21.Qf5 Qxf5 22.Bxf5 Rd6
23.h4 g6 24.Bg4 f5 25.Bf3 Rad8 26.g4 fxg4 27.Bxg4 Kf7 28.e4 Re8 29.exd5 Bd7
30.Bf3 Rc8 31.Rf4+ Kg7 32.Re1 Rf8 33.Rxf8 Kxf8 34.Kg2 a5 35.Kg3 Kf7 36.Re2 g5
37.hxg5 hxg5 38.Rc2 Ke8 39.Rd2 Ke7 40.Bg4 Bxg4 41.Kxg4 Kf6 42.Rd3 b5 43.Rf3+  1-0

[Event "GMA-Open"]
[Site "Belgrade"]
[Date "1988.??.??"]
[Round "?"]
[White "Ftacnik, Lubomir"]
[Black "Ubilava, Elizbar"]
[Result "1/2-1/2"]
[WhiteElo "2590"]
[BlackElo "2500"]

1.d4 d5 2.c4 e6 3.Nc3 Be7 4.Nf3 Nf6 5.Bf4 O-O 6.e3 c5 7.dxc5 Bxc5 8.Qc2 Nc6
9.Rd1 Qa5 10.a3 Be7 11.Nd2 e5 12.Bg5 d4 13.Nb3 Qd8 14.Be2 a5 15.Na4 g6 16.Bxf6 Bxf6
17.O-O Qc7 18.c5 Be6 19.e4 Bg5 20.Bc4 Rac8 21.Rfe1 Kh8 22.Nd2 Bxd2  1/2-1/2

[Event "Caorle op"]
[Site "Caorle"]
[Date "1988.??.??"]
[Round "6"]
[White "Marinelli, Tullio"]
[Black "Horvath, Zoltan"]
[Result "0-1"]
[WhiteElo "2235"]
[BlackElo "2340"]

1.d4 Nf6 2.c4 e6 3.Nc3 d5 4.Nf3 Be7 5.Bf4 O-O 6.e3 c5 7.dxc5 Bxc5 8.Qc2 Nc6
9.Rd1 Qa5 10.Nd2 Bb4 11.Be2 e5 12.Nb3 Bxc3+ 13.bxc3 Qa4 14.cxd5 exf4 15.dxc6 fxe3
16.O-O exf2+ 17.Rxf2 Qxc6 18.Rd4 Re8 19.Rh4 h6 20.Nd4 Qb6 21.Rf3 Bd7 22.Rg3 Rac8
23.Qd3 Kf8 24.h3 Rc5 25.Kh1 Rce5 26.Rf4 Qb2 27.Rxg7 Kxg7 28.Qf3 Re3 29.Qf1 Rxe2
30.Nxe2 Qxe2  0-1

[Event "Caorle op"]
[Site "Caorle"]
[Date "1988.??.??"]
[Round "7"]
[White "Marinelli, Tullio"]
[Black "Huss, B."]
[Result "1-0"]
[WhiteElo "2235"]
[BlackElo "2090"]

1.d4 d5 2.Nf3 Nf6 3.c4 e6 4.Nc3 Be7 5.Bf4 O-O 6.e3 b6 7.cxd5 exd5 8.Bd3 Bb7
9.Qc2 a6 10.O-O Nbd7 11.Rfd1 Re8 12.Rac1 c5 13.dxc5 bxc5 14.Qb3 Bc6 15.Bf5 Qa5
16.Bxd7 Bxd7 17.Ne5 c4 18.Qc2 Be6 19.Nc6 Qb6 20.Nxe7+ Rxe7 21.Bg5 Rd7 22.Bxf6 gxf6
23.Rd4 Rb8 24.Rb1 Qd6 25.Qd2 Qe5 26.h3 Kg7 27.b4 cxb3 28.Rxb3 Rxb3 29.axb3 Rb7
30.b4 Qb8 31.Qb2 a5 32.b5 Qd6 33.Ne4 Qb8 34.Nc3 Qd6 35.Ra4 Qb6 36.Rf4 Rc7
37.Na4 Qd6 38.Qxf6+ Kf8 39.b6 Rb7 40.Qc3  1-0

[Event "Caorle op"]
[Site "Caorle"]
[Date "1988.??.??"]
[Round "8"]
[White "Marinelli, Tullio"]
[Black "Wagman, Stuart"]
[Result "0-1"]
[WhiteElo "2235"]
[BlackElo "2230"]

1.d4 d5 2.Nf3 Nf6 3.c4 e6 4.Nc3 Be7 5.Bf4 O-O 6.e3 c5 7.dxc5 Bxc5 8.Qc2 Nc6
9.Rd1 Qa5 10.a3 Be7 11.Nd2 e5 12.Bg5 d4 13.Nb3 Qc7 14.Nb5 Qb8 15.exd4 a6
16.d5 axb5 17.dxc6 bxc6 18.Be2 b4 19.axb4 Bxb4+ 20.Nd2 Nd7 21.O-O Nc5 22.Be7 Re8
23.Bxc5 Bxc5 24.Ne4 Qb4 25.Ng5 f5 26.Kh1 Rb8 27.Rb1 Be7 28.Nf3 Bf6 29.b3 g6
30.Rfd1 Be6 31.Kg1 c5 32.Rd6 e4 33.Ne1 Be5 34.Ra6 Qb7 35.Ra4 Bd7 36.Ra5 Qc7
37.Qd2 Bxh2+ 38.Kh1 Bd6 39.b4 Be6 40.b5 Qe7 41.g3 f4 42.Ra3 Rbd8 43.Qb2 Bf5
44.Rc1 fxg3 45.fxg3 Qg5  0-1

[Event "Copenhagen op"]
[Site "Copenhagen"]
[Date "1988.??.??"]
[Round "?"]
[White "Sarosi, Zoltan"]
[Black "Kaspersen, Morten"]
[Result "1-0"]
[WhiteElo "2315"]
[BlackElo "2250"]

1.d4 Nf6 2.c4 e6 3.Nc3 d5 4.Nf3 Be7 5.Bf4 O-O 6.e3 a6 7.c5 Nc6 8.a3 Nh5 9.Be2 Bd7
10.O-O f5 11.h3 Nxf4 12.exf4 g5 13.fxg5 Bxg5 14.Qd3 Bf6 15.Rae1 Qe7 16.Bd1 Qg7
17.Ba4 Kh8 18.Bxc6 Rg8 19.g3 Bxc6 20.Qe3 Raf8 21.Qf4 Re8 22.Re3 Re7 23.Rfe1 Rge8
24.Kh2 h6 25.h4 Kg8 26.Ne5 Kf8 27.Qf3 Bxe5 28.Rxe5 Bd7 29.Ne2 Qf6 30.Nf4 Kg8
31.Qe2 Kf8 32.Qf3 Kg8 33.R1e3 Bc8 34.Qe2 Kf8 35.h5 Kf7 36.Ng6 Rd7 37.Rc3 Rdd8
38.c6 b6 39.b4 Rd6 40.a4 Rg8 41.b5 a5 42.Rf3  1-0

[Event "Frunze"]
[Site "Frunze"]
[Date "1988.??.??"]
[Round "?"]
[White "Dreev, Alexey"]
[Black "Kruppa, Yuri"]
[Result "0-1"]
[WhiteElo "2495"]
[BlackElo "2435"]

1.d4 d5 2.c4 e6 3.Nc3 Be7 4.Nf3 Nf6 5.Bf4 O-O 6.e3 c5 7.dxc5 Bxc5 8.Qc2 Nc6
9.Rd1 Qa5 10.a3 Be7 11.Nd2 e5 12.Bg5 d4 13.Nb3 Qd8 14.exd4 exd4 15.Be2 Ng4
16.Bxe7 Qxe7 17.Nxd4 Qh4 18.g3 Qh3 19.Qe4 Bd7 20.Nf3 Qg2 21.Rf1 Rae8 22.Qf4 Nce5
23.Nh4 Nxh2 24.Rxd7 Qh3 25.Rd4 Ng6 26.Nxg6 Qxf1+ 27.Kd2 Rxe2+ 28.Nxe2 fxg6  0-1

[Event "Bundesliga 8788"]
[Site "Germany"]
[Date "1988.??.??"]
[Round "?"]
[White "Muse, Mladen"]
[Black "Raupp, Thomas"]
[Result "1/2-1/2"]
[WhiteElo "2410"]
[BlackElo "2295"]

1.c4 e6 2.Nc3 d5 3.d4 Be7 4.Nf3 Nf6 5.Bf4 O-O 6.e3 c5 7.dxc5 Bxc5 8.a3 Nc6
9.cxd5 Nxd5 10.Nxd5 exd5 11.Rc1 Bb6 12.Bb5 Bxe3 13.Bxe3 Qa5+ 14.Qd2 Qxb5
15.Rc5 Qa6 16.Qxd5 Be6 17.Qh5 f6 18.Qh4 Rad8 19.Qe4 Rfe8 20.Qc2 Bd5 21.Qe2 Bxf3
22.gxf3 Qxe2+ 23.Kxe2 Nd4+ 24.Kf1 Nxf3 25.Kg2 Nh4+ 26.Kg3 g5 27.Rhc1 Rd3
28.Rc8 Nf5+ 29.Kf3 Rxc8 30.Rxc8+ Kf7 31.Rc7+ Kg6 32.Rxb7 Nxe3 33.fxe3 Rd2
34.b4 Rxh2 35.b5 h5 36.Rxa7 g4+ 37.Kg3 Re2 38.Re7 Ra2 39.Ra7 Re2 40.Re7 Ra2
41.Ra7 Kg5 42.Rg7+ Kh6 43.Ra7 Kg5 44.Rg7+ Kh6 45.Ra7  1/2-1/2

[Event "Bundesliga 8788"]
[Site "Germany"]
[Date "1988.??.??"]
[Round "?"]
[White "Bialas, Wolfram"]
[Black "Grzesik, Frank"]
[Result "1/2-1/2"]
[WhiteElo "2360"]
[BlackElo "2255"]

1.d4 d5 2.c4 e6 3.Nc3 Be7 4.Nf3 Nf6 5.Bf4 O-O 6.e3 c5 7.dxc5 Bxc5 8.Qc2 Qa5
9.a3 Nc6 10.Rd1 Be7 11.Nd2 e5 12.Bg3 d4 13.Nb3 Qb6 14.exd4 Nxd4 15.Nxd4 exd4
16.Nb5 Bg4 17.f3  1/2-1/2

[Event "Groningen op"]
[Site "Groningen"]
[Date "1988.??.??"]
[Round "?"]
[White "Bewersdorff, Oliver"]
[Black "Krudde, Fitzgerald"]
[Result "1/2-1/2"]
[WhiteElo "2335"]
[BlackElo "2265"]

1.d4 d5 2.Nf3 Nf6 3.c4 e6 4.Nc3 Be7 5.Bf4 O-O 6.e3 c5 7.dxc5 Bxc5 8.Qc2 Nc6
9.a3 Qa5 10.Rd1 Be7 11.Nd2 e5 12.Bg5 d4 13.Nb3 Qd8 14.Be2 g6 15.exd4 exd4
16.O-O Bf5 17.Bd3 Bg4 18.Be2 Bf5 19.Bd3  1/2-1/2

[Event "Haninge"]
[Site "Haninge"]
[Date "1988.??.??"]
[Round "?"]
[White "Kortschnoj, Viktor"]
[Black "Schussler, Harry"]
[Result "1/2-1/2"]
[WhiteElo "2640"]
[BlackElo "2490"]

1.d4 d5 2.c4 e6 3.Nc3 Nf6 4.Nf3 Be7 5.Bf4 O-O 6.e3 c5 7.dxc5 Bxc5 8.Qc2 Nc6
9.Rd1 Qa5 10.a3 Be7 11.Nd2 e5 12.Bg5 d4 13.Nb3 Qb6 14.Bxf6 Bxf6 15.Nd5 Qd8
16.Bd3 g6 17.exd4 Nxd4 18.Nxd4 exd4 19.Nxf6+ Qxf6 20.O-O Bd7 21.b4 Rac8 22.Qb2 Rfd8
23.Rd2  1/2-1/2

[Event "Hradec Kralove"]
[Site "Hradec Kralove"]
[Date "1988.??.??"]
[Round "9"]
[White "Stohl, Igor"]
[Black "Bus, Mariusz"]
[Result "1-0"]
[WhiteElo "2445"]
[BlackElo "2355"]

1.Nf3 Nf6 2.c4 e6 3.Nc3 d5 4.d4 Be7 5.Bf4 O-O 6.e3 c5 7.dxc5 Bxc5 8.a3 a6
9.Qc2 dxc4 10.Bxc4 Nbd7 11.e4 Ng4 12.O-O Qf6 13.Bg3 b5 14.Ba2 Bb6 15.e5 Qg6
16.Qxg6 hxg6 17.Rfd1 Bc7 18.Re1 Bb7 19.Rad1 Nb6 20.Ng5 Nh6 21.Nge4 Nf5 22.Bf4 Ne7
23.Nd6 Bxd6 24.exd6 Ned5 25.Nxd5 Nxd5 26.Bg5 Nf6 27.Rc1 Rac8 28.Bxf6 gxf6
29.d7 Rc6 30.Rcd1 Rd8 31.Bd5 Rc7 32.Bxb7 Rxb7 33.Rd6 Rbxd7 34.Rxa6 Rd2 35.b4 Ra2
36.Ra5 Rdd2 37.Rf1 e5 38.Rxb5 e4 39.Rb8+ Kg7 40.Re8 f5 41.b5 Rdb2 42.Rb8 f4
43.h3 Rxa3 44.Re8 f5 45.Rc1 Kf7 46.Rb8 e3 47.fxe3 fxe3 48.Rb6 Ra7 49.Ra6 Re7
50.b6 f4 51.Ra4 g5 52.h4 Kf6 53.Rf1 Rxb6 54.Ra5 Re5 55.hxg5+ Kf5 56.g4+ Ke6
57.Ra4 f3 58.Rxf3 e2 59.Rf6+ Kd5 60.Ra5+ Kd4 61.Rxe5 Kxe5 62.Rf5+ Ke4 63.Kf2 Kd3
64.Re5 Rg6 65.Re3+ Kd4 66.Rxe2 Rxg5 67.Kg3 Rg8 68.Re7 Kd5 69.Kf4 Kd6 70.Rh7 Ke6
71.g5 Ra8 72.Kg4 Ra1 73.Kh5 Rh1+ 74.Kg6 Rg1 75.Rh2 Ke7 76.Rf2 Rg3 77.Kh6 Rg1
78.g6 Rh1+ 79.Kg7 Re1 80.Kg8 Rg1 81.Kg7 Re1 82.Rh2  1-0

[Event "Illinois"]
[Site "Illinois"]
[Date "1988.??.??"]
[Round "?"]
[White "Chow, Albert"]
[Black "Martinovsky, Eugene"]
[Result "1-0"]
[WhiteElo "2305"]
[BlackElo "2295"]

1.d4 d5 2.c4 e6 3.Nc3 Be7 4.Nf3 Nf6 5.Bf4 c5 6.dxc5 Bxc5 7.e3 Nc6 8.cxd5 Nxd5
9.Nxd5 exd5 10.Bd3 Bb4+ 11.Ke2 O-O 12.Qc2 h6 13.h3 d4 14.a3 Bd6 15.Bxd6 Qxd6
16.Rhd1 Qe7 17.e4 Be6 18.Kf1 Rac8 19.Qe2 a6 20.Rac1 Bb3 21.Bc2 Bxc2 22.Rxc2 Rfe8
23.Nxd4 Qxe4 24.Qxe4 Rxe4 25.Nxc6 Rxc6 26.Rxc6 bxc6 27.Rd8+ Kh7 28.Ra8 Rc4
29.g3 Rc1+ 30.Kg2 c5 31.Rxa6 c4 32.Rc6 Rc2 33.a4 Rxb2 34.Rxc4 Ra2 35.Kf3 f5
36.Ke3 g5 37.f3 Kg6 38.Rc6+ Kg7 39.Rc7+ Kf6 40.Rc6+ Kg7 41.Ra6 h5 42.a5  1-0

[Event "Haringey"]
[Site "London"]
[Date "1988.??.??"]
[Round "?"]
[White "Martin, Andrew D"]
[Black "Dutreeuw, Marc"]
[Result "0-1"]
[WhiteElo "2430"]
[BlackElo "2395"]

1.Nf3 d5 2.c4 e6 3.d4 Nf6 4.Nc3 Be7 5.Bf4 O-O 6.e3 c5 7.dxc5 Bxc5 8.Qc2 Nc6
9.Rd1 Bd7 10.a3 Rc8 11.cxd5 exd5 12.Be2 Qe7 13.O-O Be6 14.Rd2 Rfd8 15.Rfd1 h6
16.Ne5 Bd6 17.Nxc6 bxc6 18.Bxd6 Rxd6 19.Bf3 Rcd8 20.Ne2 Ne4 21.Bxe4 dxe4
22.Nd4 Qg5 23.Nxe6 Rxd2 24.Rxd2 Rxd2 25.Qxd2 fxe6 26.Kf1 Qd5 27.Ke1 Kf7 28.h4 g6
29.Qc3 h5 30.g3 e5 31.Qb4 Kf6 32.a4 Kf5 33.Qf8+ Kg4 34.Qf6 Kh3 35.Qxg6 Qd3
36.Qxh5 Kg2 37.Qd1 Qf1+ 38.Kd2 Qd3+ 39.Kc1 Qc4+ 40.Kb1 Kxf2 41.h5 Qd3+ 42.Qc2+ Kxe3
43.h6 Qd7 44.Ka2 Kf3 45.Qh2 Qd5+ 46.b3 e3 47.h7 e2 48.Qh5+ Kf2 49.Qf5+ Kg1
50.h8=Q e1=Q 51.Qc2 Qed2 52.Qh7 Qxc2+ 53.Qxc2 e4 54.Qe2 Qd3 55.Qe1+ Kg2 56.Kb2 e3
57.g4 Kf3 58.Qh1+ Kxg4 59.Qxc6 e2 60.Qe6+ Kf4 61.Qh6+ Kg4 62.Qe6+ Kg3 63.Qe5+ Kg2
64.Qg5+ Qg3 65.Qd5+ Qf3 66.Qg5+ Kf1 67.Qb5 Qe4 68.Qa6 Kg2  0-1

[Event "UKR-ch"]
[Site "Lvov"]
[Date "1988.??.??"]
[Round "12"]
[White "Levin, Felix"]
[Black "Kruppa, Yuri"]
[Result "*"]
[WhiteElo "2320"]
[BlackElo "2435"]

1.d4 d5 2.c4 e6 3.Nc3 Be7 4.Nf3 Nf6 5.Bf4 O-O 6.e3 c5 7.dxc5 Bxc5 8.Qc2 Nc6
9.Rd1 Qa5 10.a3 Be7 11.Nd2 e5 12.Bg5 d4 13.Nb3 Qd8 14.exd4 exd4 15.Be2 Ng4
16.Bxe7 Qxe7 17.Nxd4 Qh4 18.g3 Qh3 19.Nxc6 bxc6 20.Qe4 Rb8 21.Rd2 Nf6 22.Qf4 Be6
23.Bf1 Qh5 24.Bg2 Qc5 25.O-O Qxc4 26.Qxc4 Bxc4 27.Rc1 Ng4 28.Bxc6 Ne5 29.Nd1 Bb3
30.Be4 Nc4 31.Re2 Rfd8 32.Bc2 Na5 33.Ne3 g6 34.Rd1 Rdc8 35.Bxb3 Nxb3 36.Rd7 Rd8
37.Rxd8+ Rxd8 38.Rc2 a5 39.Kf1 Rb8 40.h4 Nd4 41.Rc4 Nf3 42.Rc2 Nd4 43.Rc5 Rxb2
44.Rxa5 Nf3 45.Ra4 Ra2 46.Nd5 Kg7 47.Nc3 Rc2 48.Nd5 Ra2 49.Nc3 Rc2 50.Ne4 Nd2+
51.Nxd2 Rxd2 52.g4 h6 53.Kg2 Rd3 54.g5 hxg5 55.hxg5 Rd5 56.f4 Rd3 57.Kf2 Kf8
58.Ke2 Rb3 59.Kd2 Ke7 60.Re4+ Kd6 61.Re3  *

[Event "Lyon"]
[Site "Lyon"]
[Date "1988.??.??"]
[Round "?"]
[White "Ftacnik, Lubomir"]
[Black "Lobron, Eric"]
[Result "1/2-1/2"]
[WhiteElo "2570"]
[BlackElo "2490"]

1.Nf3 Nf6 2.c4 e6 3.Nc3 d5 4.d4 Be7 5.Bf4 O-O 6.e3 Nbd7 7.Rc1 c6 8.Bd3 dxc4
9.Bxc4 Nd5 10.Bg3 Nxc3 11.bxc3 b6 12.Qe2 Bb7 13.O-O Nf6 14.Rfd1 Ne4 15.Bf4 Ba3
16.Rc2 Qe7 17.Ne5 f6 18.Nd3 Kh8 19.f3 Nd6 20.Bb3 a5 21.Bxd6 Bxd6 22.a4 c5
23.Nf4 Ba6 24.Bc4 Bxc4 25.Qxc4 Bxf4 26.exf4 Rac8 27.Re1 cxd4 28.Qxd4 Rc6
29.Rce2 h6 30.Rb2 Rd8 31.Qe3 Qc7 32.h3 Rdd6 33.Rb3 Rc4 34.Reb1 Rxa4 35.Rxb6 Rxb6
36.Qxb6 Qxb6+ 37.Rxb6 Rxf4 38.Rxe6 Rc4 39.Ra6 Rxc3  1/2-1/2

[Event "Lyon"]
[Site "Lyon"]
[Date "1988.??.??"]
[Round "?"]
[White "Miralles, Gilles"]
[Black "Kouatly, Bachar"]
[Result "1/2-1/2"]
[WhiteElo "2430"]
[BlackElo "2450"]

1.d4 Nf6 2.c4 e6 3.Nc3 d5 4.Nf3 Be7 5.Bf4 O-O 6.e3 c5 7.dxc5 Bxc5 8.Qc2 Nc6
9.Rd1 Qa5 10.a3 Be7 11.Nd2 e5 12.Bg5 d4 13.Nb3 Qd8 14.Be2  1/2-1/2

[Event "URS-ch55"]
[Site "Moscow"]
[Date "1988.??.??"]
[Round "?"]
[White "Gavrikov, Viktor"]
[Black "Kharitonov, Andrei Y"]
[Result "1/2-1/2"]
[WhiteElo "2545"]
[BlackElo "2550"]

1.d4 Nf6 2.c4 e6 3.Nf3 d5 4.Nc3 Be7 5.Bf4 O-O 6.e3 c5 7.dxc5 Bxc5 8.cxd5 Nxd5
9.Nxd5 exd5 10.a3 Nc6 11.Bd3 Bb6 12.O-O Bg4 13.h3 Bh5 14.b4 Re8 15.Ra2 d4
16.b5 Bxf3 17.Qxf3 dxe3 18.bxc6 Qxd3 19.cxb7 exf2+ 20.Kh2 Qxf1 21.bxa8=Q Qg1+
22.Kg3 f1=N+ 23.Kh4 Bd8+ 24.Qxd8 Rxd8 25.Rf2 f6 26.Rxf1 g5+ 27.Kh5 Qc5 28.Be3 Qc4
29.Kh6 Re8 30.Bd2 Qf7 31.Qd3 Re2 32.Qd8+ Re8 33.Qd3 Re2 34.Qd8+ Re8 35.Qd3  1/2-1/2

[Event "URS-ch55"]
[Site "Moscow"]
[Date "1988.??.??"]
[Round "?"]
[White "Ivanchuk, Vassily"]
[Black "Vaganian, Rafael A"]
[Result "1/2-1/2"]
[WhiteElo "2625"]
[BlackElo "2595"]

1.d4 Nf6 2.c4 e6 3.Nf3 d5 4.Nc3 Be7 5.Bf4 O-O 6.e3 c5 7.dxc5 Bxc5 8.Qc2 Nc6
9.Rd1 Qa5 10.a3 Be7 11.Nd2 e5 12.Bg5 d4 13.Nb3 Qd8 14.exd4 Nxd4 15.Nxd4 exd4
16.Nb5 Bd7 17.Nxd4 Qa5+ 18.Qd2 Qb6 19.Be3  1/2-1/2

[Event "URS-chT"]
[Site "Naberezhnie Chelni"]
[Date "1988.??.??"]
[Round "?"]
[White "Shabalov, Alexander"]
[Black "Kruppa, Yuri"]
[Result "0-1"]
[WhiteElo "2430"]
[BlackElo "2435"]

1.d4 d5 2.c4 e6 3.Nf3 Nf6 4.Nc3 Be7 5.Bf4 O-O 6.e3 c5 7.dxc5 Bxc5 8.Qc2 Nc6
9.a3 Qa5 10.O-O-O Be7 11.g4 dxc4 12.Bxc4 e5 13.g5 exf4 14.gxf6 Bxf6 15.Nd5 Ne7
16.Rhg1 Kh8 17.Nxf6 gxf6 18.Qe4 Ng6 19.Rd5 Qc7 20.Qd4 Be6 21.Rc5 Qe7 22.Bxe6 fxe6
23.Kb1 e5 24.Qc3 fxe3 25.fxe3 Qe6 26.Ka1 Rac8 27.Rc1 Ne7 28.Qb4 Rxc5 29.Rxc5 Rd8
30.Rc1 b6 31.Qa4 Qd7 32.Qh4 Qf5 33.Ne1 Qe6 34.Qa4 Qd7 35.Qh4 Kg7 36.Qg3+ Kh8
37.Qh4 Qd6 38.Nc2 Ng6 39.Qa4 Qd7 40.Qa6 Rc8 41.Kb1 Rc6 42.Qf1 Rd6 43.Nb4 a5
44.Na2 f5 45.Qa6 Kg7 46.Nc3 Kh6 47.Rc2 f4 48.Qe2 Rd3 49.exf4 exf4 50.h4 Re3
51.Qg2 Rg3 52.Qf2 Qd3 53.Ne2 Rg4 54.h5 Kxh5 55.Qxb6 f3 56.Nc1 Qf5 57.Qd6 Rg2
58.Nd3 Rxc2 59.Kxc2 Ne5  0-1

[Event "New York op"]
[Site "New York"]
[Date "1988.??.??"]
[Round "?"]
[White "Foisor, Ovidiu"]
[Black "Morovic Fernandez, Ivan"]
[Result "1/2-1/2"]
[WhiteElo "2495"]
[BlackElo "2535"]

1.d4 Nf6 2.Nf3 e6 3.c4 d5 4.Nc3 Be7 5.Bf4 O-O 6.e3 c5 7.dxc5 Bxc5 8.Be2 Nc6
9.Qc2 Qa5 10.Rd1 Be7 11.Nd2 e5 12.Nb3 Qb6 13.Bg5 d4 14.Bxf6 Bxf6 15.Nd5 Qd8
16.Bd3 g6 17.Nxf6+ Qxf6 18.exd4 Nxd4 19.Nxd4 exd4 20.O-O Bg4 21.f3 Bd7 22.Be4 Bc6
23.Bd5 Rfe8 24.Qd3 Bxd5 25.cxd5 Rac8 26.Qxd4 Qxd4+ 27.Rxd4 Re2 28.d6 Rcc2
29.Rfd1  1/2-1/2

[Event "URS-ch sf"]
[Site "Riga"]
[Date "1988.??.??"]
[Round "?"]
[White "Shabalov, Alexander"]
[Black "Kharitonov, Andrei Y"]
[Result "1/2-1/2"]
[WhiteElo "2430"]
[BlackElo "2550"]

1.d4 Nf6 2.c4 e6 3.Nf3 d5 4.Nc3 Be7 5.Bf4 O-O 6.Qc2 c5 7.dxc5 Qa5 8.Bd6 Nc6
9.Rd1 Bxd6 10.cxd6 Rd8 11.e3 Rxd6 12.Be2 Rd8 13.O-O Bd7 14.a3 dxc4  1/2-1/2

[Event "Royan"]
[Site "Royan"]
[Date "1988.??.??"]
[Round "?"]
[White "Miralles, Gilles"]
[Black "Kharitonov, Andrei Y"]
[Result "1/2-1/2"]
[WhiteElo "2430"]
[BlackElo "2515"]

1.d4 Nf6 2.c4 e6 3.Nf3 d5 4.Nc3 Be7 5.Bf4 O-O 6.Rc1 dxc4 7.e4 c5 8.Bxc4 cxd4
9.Nxd4 Nbd7 10.Ndb5 Nb6 11.Bd3 Ne8 12.e5 a6 13.Nd6 Nxd6 14.exd6 Bg5 15.Bxg5 Qxg5
16.O-O Bd7 17.Be4 Bc6 18.Bxc6 bxc6 19.Qf3 Nd5 20.Na4 Qe5 21.Rxc6 Nb4 22.Rb6 Nd5
23.Rc6 Nb4 24.Rb6 Nd5  1/2-1/2

[Event "Saint John op-1"]
[Site "Saint John"]
[Date "1988.??.??"]
[Round "?"]
[White "Ilic, Zoran"]
[Black "Lein, Anatoly"]
[Result "1/2-1/2"]
[WhiteElo "2360"]
[BlackElo "2475"]

1.d4 Nf6 2.Nf3 e6 3.c4 d5 4.Nc3 Be7 5.Bf4 O-O 6.e3 Nbd7 7.h3 Ne4 8.cxd5 Nxc3
9.bxc3 exd5 10.Qb3 c6 11.Bd3 Nf6 12.O-O Bd6 13.Bxd6 Qxd6 14.c4 Rb8 15.cxd5 Nxd5
16.Rac1 Qh6 17.Rfe1 Be6  1/2-1/2

[Event "Saint John op-1"]
[Site "Saint John"]
[Date "1988.??.??"]
[Round "?"]
[White "Nogueiras, Jesus"]
[Black "Damljanovic, Branko"]
[Result "1/2-1/2"]
[WhiteElo "2560"]
[BlackElo "2525"]

1.d4 d5 2.Nf3 Nf6 3.c4 e6 4.Nc3 Be7 5.Bf4 O-O 6.e3 c5 7.dxc5 Bxc5 8.cxd5 Nxd5
9.Nxd5 Qxd5 10.Qxd5 exd5  1/2-1/2

[Event "URS-FL56"]
[Site "Simferopol"]
[Date "1988.??.??"]
[Round "?"]
[White "Malaniuk, Vladimir P"]
[Black "Kharitonov, Andrei Y"]
[Result "1/2-1/2"]
[WhiteElo "2520"]
[BlackElo "2550"]

1.d4 Nf6 2.c4 e6 3.Nf3 d5 4.Nc3 Be7 5.Bf4 O-O 6.e3 c5 7.dxc5 Bxc5 8.Qc2 Nc6
9.a3 Qa5 10.O-O-O Be7 11.g4 Rd8 12.Nd2 dxc4 13.Nxc4 Rxd1+ 14.Qxd1 Qd8 15.Qxd8+ Bxd8
16.h3 Nd5 17.Nxd5 exd5 18.Nd6 Bc7 19.Bg2 Bxd6 20.Bxd6 Be6 21.Rd1 Rd8 22.Bg3 d4
23.exd4 Nxd4 24.Re1 b6  1/2-1/2

[Event "URS-FL56"]
[Site "Simferopol"]
[Date "1988.??.??"]
[Round "?"]
[White "Giorgadze, Giorgi"]
[Black "Kharitonov, Andrei Y"]
[Result "1/2-1/2"]
[WhiteElo "2410"]
[BlackElo "2550"]

1.d4 Nf6 2.c4 e6 3.Nf3 d5 4.Bf4 Be7 5.Nc3 O-O 6.e3 c5 7.dxc5 Bxc5 8.Qc2 Nc6
9.a3 Qa5 10.O-O-O Be7 11.g4 dxc4 12.Bxc4 Nxg4 13.Rhg1 Qh5 14.h3 Nf6 15.Be2 Rd8
16.Ne5 Qh4 17.Bg5 Qxf2 18.Nf3 Nd5 19.Bh6 g6 20.Ne4 Qxg1 21.Rxg1 e5 22.Bc4 Be6
23.Bxd5 Bxd5 24.Nfd2 Rac8 25.Nc3 Be6 26.Nde4 Na5 27.Rd1 Nb3+ 28.Kb1 Rxd1+
29.Qxd1 Rd8 30.Qh1 f6 31.Kc2 f5 32.Bg5 fxe4 33.Bxe7 Rd2+ 34.Kb1 Rd7 35.Bh4 Nd2+
36.Kc2 Bb3+ 37.Kc1 Nf3 38.Be1 b5 39.Qf1 Rd3 40.Qe2 Bc4 41.Qf2 Bb3 42.Qg3 a5
43.Qg4 Nxe1 44.Qc8+ Kg7 45.Qb7+ Kh6 46.Qxe4 b4 47.Qh4+ Kg7 48.Qe7+ Kh6 49.Qh4+  1/2-1/2

[Event "URS Cup rapid"]
[Site "Tallinn"]
[Date "1988.??.??"]
[Round "7"]
[White "Gavrikov, Viktor"]
[Black "Vaganian, Rafael A"]
[Result "1-0"]
[WhiteElo "2545"]
[BlackElo "2625"]

1.Nf3 Nf6 2.c4 e6 3.Nc3 d5 4.d4 Be7 5.Bf4 O-O 6.e3 c5 7.dxc5 Bxc5 8.cxd5 Nxd5
9.Nxd5 exd5 10.a3 Nc6 11.Bd3 Bb6 12.O-O Bg4 13.h3 Bh5 14.b4 Qf6 15.g4 Bg6
16.Bxg6 hxg6 17.Qxd5 Rad8 18.Qc4 Rc8 19.Qe2 Rfe8 20.Bg3 Re4 21.Rad1 Rce8
22.Rd3 g5 23.Kg2 Qg6 24.Qa2 R4e6 25.Rd5 Qe4 26.Rxg5 Rf6 27.Rf5 Rxf5 28.gxf5 Qxf5
29.Rd1 a5 30.Rd5 Qe4 31.Rd7 Re7 32.Qd5 Qxd5 33.Rxd5 axb4 34.axb4 f6 35.b5 Na5
36.Nd2 Kf7 37.Kf3 Re6 38.Bd6 Re8 39.Bb4 Rd8 40.Ke4 Ke6 41.Rxd8 Bxd8 42.Bxa5 Bxa5
43.Nc4 Bc3 44.f3 f5+ 45.Kd3 Ba1 46.Na5 b6 47.Nc4 f4 48.e4  1-0

[Event "Tbilisi"]
[Site "Tbilisi"]
[Date "1988.??.??"]
[Round "?"]
[White "Conquest, Stuart"]
[Black "Ubilava, Elizbar"]
[Result "1/2-1/2"]
[WhiteElo "2490"]
[BlackElo "2500"]

1.d4 d5 2.c4 e6 3.Nc3 Be7 4.Nf3 Nf6 5.Bf4 O-O 6.e3 c5 7.dxc5 Bxc5 8.Qc2 Nc6
9.a3 Qa5 10.O-O-O a6 11.cxd5 exd5 12.Kb1 Be6 13.Bd3 Rac8 14.Ng5 h6 15.Nxe6 fxe6
16.Qb3 b5 17.Rc1 Qb6 18.Qa2 Kh8 19.Bg3 Be7 20.Ne2 Nh5 21.Nf4 Nxf4 22.Bxf4 Na5
23.Rxc8 Rxc8 24.Rc1 Rxc1+ 25.Kxc1 b4 26.axb4 Qxb4 27.Kc2 Kg8 28.Qa3 Qxa3
29.bxa3 Bxa3 30.Bxa6 Kf7 31.Kd3 Ke7 32.Bb5 Bd6 33.Bxd6+ Kxd6 34.f4 Nb3 35.Be8 e5
36.fxe5+ Kxe5 37.Bg6  1/2-1/2

[Event "Thessaloniki ol (Men)"]
[Site "Thessaloniki"]
[Date "1988.??.??"]
[Round "7"]
[White "Ftacnik, Lubomir"]
[Black "Kotronias, Vasilios"]
[Result "1/2-1/2"]
[WhiteElo "2590"]
[BlackElo "2550"]

1.Nf3 Nf6 2.c4 e6 3.Nc3 d5 4.d4 Be7 5.Bf4 O-O 6.e3 c5 7.dxc5 Bxc5 8.Qc2 Nc6
9.a3 Qa5 10.Rd1 Be7 11.Nd2 e5 12.Bg5 d4 13.Nb3 Qd8 14.Be2 a5 15.Na4 g6 16.Bxf6 Bxf6
17.O-O Qc7 18.c5 Be6 19.e4 Ne7 20.Nd2 Bg5 21.Nf3 Bh6 22.Bc4 Bg4 23.Rd3 Kh8
24.h3 f5 25.Rb3 d3 26.Qxd3 Rad8 27.Qb1 Bxf3 28.Rxf3 Rd4 29.b3 Rxe4 30.Rd3 Nc6  1/2-1/2

[Event "Tirnavia-B"]
[Site "Trnava"]
[Date "1988.??.??"]
[Round "13"]
[White "Mikhalchishin, Adrian"]
[Black "Brestian, Egon"]
[Result "1/2-1/2"]
[WhiteElo "2490"]
[BlackElo "2395"]

1.Nf3 d5 2.d4 Nf6 3.c4 e6 4.Nc3 Be7 5.Bf4 O-O 6.e3 c6 7.h3 Nbd7 8.Qc2 Re8
9.a3 Nf8 10.Bd3 Ng6 11.Bh2 Bd6 12.Bxd6 Qxd6 13.O-O dxc4 14.Bxc4 Nd5 15.Rad1 Nxc3
16.Qxc3 b6 17.Ne5 Nxe5 18.dxe5 Qe7 19.f4 c5 20.Rd6 Rd8 21.Qd3 Bb7 22.f5 Qg5
23.Rf2 Rf8 24.fxe6 fxe6 25.Bxe6+ Kh8 26.Rxf8+ Rxf8 27.Bd5 Ba6 28.Qe4 g6 29.Rf6 Rxf6
30.exf6 Qxf6 31.Qe8+ Kg7 32.Qd7+ Kh6 33.Qxa7 Bd3 34.Bg8 g5 35.Qd7 Bg6 36.Qd2 Kg7
37.Bc4 h5 38.Qc3 Qxc3 39.bxc3 Kf6 40.Kf2 Ke5 41.g3 h4  1/2-1/2

[Event "RSFSR-ch"]
[Site "Voronezh"]
[Date "1988.??.??"]
[Round "?"]
[White "Doroshkievich, Vladimir K"]
[Black "Pigusov, Evgeny"]
[Result "1/2-1/2"]
[WhiteElo "2390"]
[BlackElo "2530"]

1.d4 Nf6 2.c4 e6 3.Nc3 d5 4.Nf3 Be7 5.Bf4 O-O 6.e3 c5 7.dxc5 Bxc5 8.cxd5 Nxd5
9.Nxd5 exd5 10.a3 Nc6 11.Bd3 Bb6 12.O-O Bg4 13.h3 Bxf3 14.Qxf3 d4 15.Rad1  1/2-1/2

[Event "Warsaw"]
[Site "Warsaw"]
[Date "1988.??.??"]
[Round "13"]
[White "Medancic, Rikard"]
[Black "Latas, Boguslaw"]
[Result "1/2-1/2"]
[WhiteElo "2305"]
[BlackElo "2310"]

1.d4 Nf6 2.c4 e6 3.Nc3 d5 4.Nf3 Be7 5.Bf4 O-O 6.e3 b6 7.Be2 Bb7 8.O-O c5
9.cxd5 Nxd5 10.Nxd5 Bxd5 11.dxc5 Bxc5 12.a3  1/2-1/2